History Quiz

Random History or Politics Quiz

Battles by War Quiz Stats

Quiz Updated Apr 16, 2016

Also try: A History of War
Challenge
Share
Tweet
Embed
Score 0/50 Timer 08:00
1 Play Today
% Correct
Stalingrad
85.9%
Waterloo
82.8%
Bulge
82.5%
Gettysburg
79.9%
Guadalcanal
78.7%
Saigon
77.6%
Bunker Hill
77%
The Somme
74.5%
El Alamein
72.7%
Khe Sanh
72.4%
Inchon
71.5%
Agincourt
70.3%
Verdun
70%
Fort Sumter
68.9%
Trafalgar
68.9%
Fredericksburg
68.7%
Huế
67.3%
Vicksburg
64%
Austerlitz
62.8%
Antietam
62.5%
Saratoga
61.5%
Trenton
61%
la Drang
60.6%
Halicarnassus
60.1%
Unsan
59.5%
% Correct
Crécy
56.3%
Hamburger Hill
55.2%
Cannae
55.2%
Taegu
53.3%
Kursk
53.3%
Poitiers
49.9%
Vimy Ridge
48%
Granicus
47%
Castillon
45.6%
Passchendaele
45.6%
Tyre
45.1%
Issus
43%
Borodino
42.5%
Cowpens
41.3%
Zama
39%
King's Mountain
38.2%
Gaugamela
36.3%
The Trebia
36.1%
Tannenberg
35.8%
Lilybaeum
34.4%
Triangle Hill
32.2%
Lake Trasimene
31.1%
Marengo
25.3%
Battle Mountain
22.7%
Jargeau
20.6%

You're not logged in!

Compare scores with friends on all Sporcle quizzes.
Join for Free
OR
Log In

You Might Also Like...

Show Comments

Extras

Top Quizzes Today


Score Distribution

Your Account Isn't Verified!

In order to create a playlist on Sporcle, you need to verify the email address you used during registration. Go to your Sporcle Settings to finish the process.

Report this User

Report this user for behavior that violates our Community Guidelines.

Details: